| 000 | 00798nam a2200217 a 4500 | ||
|---|---|---|---|
| 001 | 000043624 | ||
| 005 | 20201002044902.0 | ||
| 008 | 140331s1970 sp 000 0 spa d | ||
| 040 |
_aDO-SdBNP _bspa _cBNPHU |
||
| 082 |
_a862.3 _bC146g |
||
| 100 | 1 |
_aCalderón de la Barca, Pedro _d1600-1681 _95547 |
|
| 245 | 1 | 0 |
_aEl gran teatro del mundo : _bLa dama duende / _cDon Pedro Calderón de la Barca; prólogo Guillermo Guastavino. |
| 260 |
_aMadrid : _bLibra, _c1970. |
||
| 300 |
_a174 p. ; _c17 cm. |
||
| 490 | 1 |
_aPurpura _v20 |
|
| 500 | _aDos obras encuadernadas juntas con paginación continua. | ||
| 650 | 4 |
_aLiteratura española _ySIGLO XVII _915578 |
|
| 650 | 4 |
_aTeatro español _xRepresentación _ySIGLO XVII _971451 |
|
| 700 | 1 | 2 |
_aGuastavino, Guillermo _eprol. _971452 |
| 830 | 0 |
_aPurpura _n20 _971453 |
|
| 999 |
_c43113 _d43113 |
||